European Masterworks (Record no. 10951)
[ view plain ]
| 000 -CABECERA | |
|---|---|
| campo de control de longitud fija | 00934nam a22002417a 4500 |
| 001 - NÚMERO DE CONTROL | |
| campo de control | BRCA_9329 |
| 003 - IDENTIFICADOR DEL NÚMERO DE CONTROL | |
| campo de control | FranzMayer |
| 005 - FECHA Y HORA DE LA ÚLTIMA TRANSACCIÓN | |
| campo de control | 20230918120521.0 |
| 008 - DATOS DE LONGITUD FIJA--INFORMACIÓN GENERAL | |
| campo de control de longitud fija | 230823b |||||||| |||| 00| 0 eng d |
| 020 ## - NÚMERO INTERNACIONAL ESTÁNDAR DEL LIBRO | |
| Número Internacional Estándar del Libro | 0970697910 |
| 040 ## - FUENTE DE LA CATALOGACIÓN | |
| Centro catalogador/agencia de origen | MFM |
| Lengua de catalogación | esp |
| Centro/agencia transcriptor | MFM |
| 050 #0 - SIGNATURA TOPOGRÁFICA DE LA BIBLIOTECA DEL CONGRESO | |
| Número de clasificación | N910.T6 |
| Número de documento/Ítem | F75 2001 |
| 110 1# - ENTRADA PRINCIPAL--NOMBRE DE ENTIDAD CORPORATIVA | |
| Código de función/relación | Responsable |
| Nombre de entidad corporativa o nombre de jurisdicción como elemento de entrada | Frist Center for the Visual Arts |
| 9 (RLIN) | 29145 |
| 240 ## - TÍTULO UNIFORME | |
| Título uniforme | European Masterworks |
| Medio | Paintings from the Collection of the Art Gallery of Ontario |
| Lenguaje de la obra | Inglés |
| 245 0# - MENCIÓN DE TÍTULO | |
| Título | European Masterworks |
| Resto del título | Paintings from the Collection of the Art Gallery of Ontario |
| 260 ## - PUBLICACIÓN, DISTRIBUCIÓN, ETC. | |
| Lugar de publicación, distribución, etc. | Tennesse, Estados Unidos |
| Nombre del editor, distribuidor, etc. | Frist Center for the Visual Art |
| Fecha de publicación, distribución, etc. | 2001 |
| 300 ## - DESCRIPCIÓN FÍSICA | |
| Extensión | 127 p |
| Otras características físicas | Ilustraciones a color |
| Dimensiones | 23 cm |
| 500 ## - NOTA GENERAL | |
| Nota general | Anexo 1 |
| 505 ## - NOTA DE CONTENIDO CON FORMATO | |
| Nota de contenido con formato | Texto en: inglésIncluye índice temático |
| 650 1# - PUNTO DE ACCESO ADICIONAL DE MATERIA--TÉRMINO DE MATERIA | |
| Fuente del encabezamiento o término | Artes visuales |
| Término de materia o nombre geográfico como elemento de entrada | Galerías y museos |
| Subdivisión de forma | Galería de arte de Ontorio |
| 9 (RLIN) | 29146 |
| 651 2# - PUNTO DE ACCESO ADICIONAL DE MATERIA--NOMBRE GEOGRÁFICO | |
| Fuente del encabezamiento o término | Artes europeas |
| Nombre geográfico | Pinturas europeas |
| 9 (RLIN) | 29147 |
| 942 ## - ELEMENTOS DE PUNTO DE ACCESO ADICIONAL (KOHA) | |
| Fuente del sistema de clasificación o colocación | Library of Congress Classification |
| Tipo de ítem Koha | Libros |
| Estado de retiro | Estado de pérdida | Fuente del sistema de clasificación o colocación | Estado dañado | No para préstamo | Código de colección | Localización permanente | Ubicación/localización actual | Fecha de adquisición | Total de préstamos | Signatura topográfica completa | Código de barras | Fecha visto por última vez | Precio válido a partir de | Tipo de ítem Koha |
|---|---|---|---|---|---|---|---|---|---|---|---|---|---|---|
| El ejemplar forma parte de la colección y puede ser consultado según las políticas vigentes. | Library of Congress Classification | Fondo Contemporáneo | Biblioteca del Museo Franz Mayer (Rogerio Casas-Alatriste) | Biblioteca del Museo Franz Mayer (Rogerio Casas-Alatriste) | 23/08/2023 | N910.T6 F75 2001 | CONT10085 | 23/08/2023 | 23/08/2023 | Libros |